Responses for Show #5145 - Friday, January 12, 2007

Contestants

[<< previous game]

Dom Ochotorena, an Air Force officer from Altadena, California

Val Adamcyk, a foreign services officer originally from Manhasset, New York

Kelly Isenor, a TV news producer from Boston, Massachusetts (whose 1-day cash winnings total $17,300)

[next game >>]

Jeopardy! Round responses

5 BANDS
THE REPLACEMENTS
THE FALL
'HUSKER DO
THE ENGLISH BEAT
BIG "STAR"
    $200 4
The Cars

Val
    $200 23
a king

Kelly
    $200 15
the Shah (Mohammed Reza Pahlavi)

Dom
    $200 17
Father (Edward) Flanagan

Triple Stumper
    $200 1
Oxford

Val
    $200 11
starch

Kelly
    $400 5
The Allman Brothers Band

Triple Stumper
    $400 24
a split

Dom
    $400 19
Florida

Kelly
    $400 18
Bellevue

Val
    $400 2
Stonehenge

Val
    $400 12
Starbucks

Val
    $600 6
Mötley Crüe

Dom
    $600 25
joints

Dom
    $600 20
Grenada

Dom
    $600 28
Tom Osborne

Triple Stumper
    $600 3
Stratford-upon-Avon

Dom
    $600 13
the Stardust

Kelly
    $800 7
New Kids on the Block

Dom
    $800 26
(Val: What is Salvation Army?)

the Young Men's Christian Association (YMCA)

Val
Triple Stumper
    $1,800 21
(Hernándo) Cortés

Dom
    $800 29
(Dom: Who is Mondale?)

Gerald Ford (or Dick Cheney)

Dom
Triple Stumper
    $800 9
Liverpool

Val
    $800 14
mustard gas

Triple Stumper
    $1000 8
(Kelly: What is Guns N' Roses?)

Green Day

Kelly
Triple Stumper
    $1000 27
(Dom: What is meiosis?)

mitosis

KellyDom
    $1000 22
November 11

Dom
    $1000 30
Buffett

Dom
    $1000 10
Birmingham

Triple Stumper
    $1000 16
custard

Kelly

Scores at the first commercial break (after clue 15):

Kelly Val Dom
-$200 $2,000 $2,200

Scores at the end of the Jeopardy! Round:

Kelly Val Dom
$2,400 $1,600 $5,800

Double Jeopardy! Round responses

INSIDE THE ARTIST'S STUDIO WITH JAMES LIPTON
MAJOR LEAGUE BASEBALL NICKNAMES
"O"PERA
WORLD MUSEUMS
LIFE SCIENCE
DOUBLE MEANINGS
(Alex: Each clue in this last category will have two blanks, and the correct response will be the one word fill both of those blanks--single word.)
    $400 26
Van Gogh

Val
    $400 16
Nolan Ryan

Dom
    $400 2
Oedipus

Dom
    $400 1
Ho Chi Minh

Kelly
    $400 21
a flatworm

Val
    $400 7
(Dom: What is pad? What are pad and [*]?)
(Alex: Okay. The same word, for future reference. One word only. Either singular or plural.)

pads

Dom
    $800 27
Gauguin

Kelly
    $800 17
Clemens

Dom
    $800 8
(Dom: What is the Threepenny Opera?)

Of Mice And Men

KellyDom
    $800 3
anthropology

Triple Stumper
    $800 22
a mouth

Kelly
    $800 9
pants

Val
    $1200 28
[The end-of-round signal sounds.]
(Alex: Whoa! Save some for James Lipton!)

Munch

Kelly
    $1200 18
(Kelly: Who is Randy Johnson?)

Frank Thomas

Kelly
Triple Stumper
    $1200 13
Otello

Kelly
    $1200 4
(Alex: Hey, how 'bout that for co-ink-idence?)

Canberra

Val
    $1200 23
offspring

Kelly
    $1200 10
snub

Val
    $1600 19
Mattingly

Kelly
    $1600 14
Oberon

Kelly
    $1600 5
Vienna

Kelly
    $2,000 24
(Kelly: What is the "atrius"? "Atrial"?)
(Alex: Mmmm... no, you can't get a second--it's [*]. [*]. You were on the right track. Sorry it didn't work.)
(Kelly: Oh, shoot! Sorry, Dad.)

atrium

Kelly
    $1600 11
junk

Val
    $2000 20
Mark Fidrych

Triple Stumper
    $2000 15
Orlando

Triple Stumper
    $2,000 6
(Kelly: I really don't have a clue. What is...what is the Pietà?)
(Alex: No. [*]. Pius and Pope Clement Museum named for that.)

the Vatican Museums

Kelly
    $2000 25
(Dom: What are chlorophylic?)

angiosperms

Dom
Triple Stumper
    $2000 12
flag

Kelly

Scores at the end of the Double Jeopardy! Round:

Kelly Val Dom
$10,400 $7,200 $5,000

[wagering suggestions for these scores]

Final Jeopardy! Round responses

LITERARY TITLES
DomWhat is Catcher in the Rye?
$4,999
ValWhat is Lord Of The Flies?
$2,801
KellyWhat is Lord of the Flies?
$4,100
Lord of the Flies

Final scores:

Kelly Val Dom
$14,500 $10,001 $1
2-day champion: $31,800 2nd place: $2,000 3rd place: $1,000

Game dynamics:

Coryat scores:

Kelly Val Dom
$14,400 $7,200 $4,000
17 R,
4 W
(including 2 DDs)
12 R,
1 W
14 R
(including 1 DD),
4 W

Combined Coryat: $25,600

[game clues] [game scores] [suggest correction]

Game tape date: 2006-11-08
The J! Archive is created by fans, for fans. Scraping, republication, monetization, and malicious use prohibited; this site may use cookies and collect identifying information. See terms. The Jeopardy! game show and all elements thereof, including but not limited to copyright and trademark thereto, are the property of Jeopardy Productions, Inc. and are protected under law. This website is not affiliated with, sponsored by, or operated by Jeopardy Productions, Inc. Join the discussion at JBoard.tv.